000 00544nam a2200205Ia 4500
005 20250326143927.0
008 250326s9999 xx 000 0 und d
037 _aTextbook
040 _aFMSL
_beng
_cFMSL
041 _aeng
_2eng
084 _aX P4
_qFMSL
100 _aLal Deepak
245 0 _aIn praise of empires : Globalization and order
_cLal Deepak
260 _aNY
_bNY, Palgrave
_c2004
300 _a270p
365 _b128555.93332400001
650 _aGlobalization
942 _cTB
_hX P4
999 _c1301651
_d1301651